000
00316nam a2200109Ia 4500
008
220204s9999 xx 000 0 und d
082
_a
35(035)
_b
IND.2
245
0
_a
Handbook of rules and regulations for the all India services. V 2.
250
_a
Ed.3
260
_a
India
_b
Ministry of Home affairs
_c
1962
942
_c
BK
999
_c
20263
_d
20263